|
|
|
|
| LEADER |
01643cas a2200253 a 4500 |
| 001 |
AALejournalIMF015652 |
| 008 |
230101c9999 xx r poo 0 0eng d |
| 020 |
|
|
|c 20.00 USD
|
| 020 |
|
|
|z 9781589066434
|
| 022 |
|
|
|a 2071-551X
|
| 040 |
|
|
|a BD-DhAAL
|c BD-DhAAL
|
| 110 |
2 |
|
|a International Monetary Fund.
|b Western Hemisphere Dept.
|
| 240 |
1 |
0 |
|a Perspectivas economicas: Las Americas, abril de 2007.
|l Spanish
|
| 245 |
1 |
0 |
|a Perspectivas economicas :
|b Las Americas, abril de 2007.
|
| 264 |
|
1 |
|a Washington, D.C. :
|b International Monetary Fund,
|c 2007.
|
| 300 |
|
|
|a 1 online resource (49 pages)
|
| 490 |
1 |
|
|a Regional Economic Outlook
|
| 500 |
|
|
|a <strong>Off-Campus Access:</strong> No User ID or Password Required
|
| 500 |
|
|
|a <strong>On-Campus Access:</strong> No User ID or Password Required
|
| 506 |
|
|
|a Electronic access restricted to authorized BRAC University faculty, staff and students
|
| 520 |
3 |
|
|a El ano pasado el Hemisferio Occidental tuvo un solido desempeno economico, a pesar de que en los ultimos trimestres el crecimiento de Estados Unidos fue mas lento. Se pueden mantener estos resultados, y que desafios enfrenta la region? Al examinar las perspectivas y los riesgos macroeconomicos, este informe presta especial atencion a la influencia del contexto externo en America Latina, y aborda la cuestion de si America Latina ha logrado dejar atras su historial de retrocesos periodicos del crecimiento.
|
| 538 |
|
|
|a Mode of access: Internet
|
| 830 |
|
0 |
|a Regional Economic Outlook
|
| 856 |
4 |
0 |
|z Full text available on IMF
|u http://elibrary.imf.org/view/books/086/05637-9781589066434-es/05637-9781589066434-es-book.xml
|z IMF e-Library
|